|
|
|
|
| LEADER |
00000nam a2200000 a 4500 |
| 001 |
vtls010308597 |
| 003 |
SK-MaSNL |
| 005 |
20260425232836.0 |
| 008 |
160610s2007 xo 000 0 slo |
| 015 |
|
|
|a SNBE2012/01-00082
|
| 020 |
|
|
|a 8096730606
|
| 035 |
|
|
|a 13C610F4-9A0A-498E-B31E-36EB517773A9
|
| 035 |
|
|
|a urn:nbn:sk:snk-amlg20
|
| 035 |
|
|
|a urn:nbn:sk:snk-am0093eq
|
| 040 |
|
|
|a SNK
|b slo
|c SNK
|e AACR2
|
| 041 |
0 |
|
|a slo
|
| 043 |
|
|
|a e-xo---
|
| 044 |
|
|
|a xo
|c SK
|
| 072 |
|
7 |
|a 34
|x Právo
|2 konspekt
|
| 080 |
|
|
|a 34
|2 2001
|
| 080 |
|
|
|a (437.6)
|2 2001
|
| 080 |
|
|
|a (048.8)
|2 2001
|
| 245 |
0 |
0 |
|a Prehľad platných právnych predpisov v Slovenskej republike od 9.5.1945
|b aktuálny stav k 31.12.2007
|
| 250 |
|
|
|a [1. vyd.]
|
| 260 |
|
|
|a Žilina
|b JKS
|c [2007]
|
| 300 |
|
|
|a 1 zv. (rozličné stránkovanie)
|c 21 cm
|
| 500 |
|
|
|a Voľné listy zopnuté páskou
|
| 650 |
0 |
7 |
|a právne predpisy
|2 SNKPH
|9 1155
|
| 651 |
|
7 |
|a Slovensko
|2 SNKPH
|9 14231
|
| 655 |
|
7 |
|a prehľady
|2 SNKPH
|9 70194
|
| 919 |
|
|
|a 80-967306-0-6
|
| 958 |
|
|
|a OND
|
| 999 |
|
|
|c 749939
|d 751869
|
| 952 |
|
|
|a SNK
|b SNK
|y PREZ
|7 0
|p 17A0717270
|o snkSC 146612
|i snk2011/18343
|8 0
|0 0
|1 0
|4 0
|d 2011-09-05
|f 1
|l 0
|r 2025-07-15 00:00:00
|w 2026-02-23
|